MDQL
is popping MORE tags! Check the
thread
!
Quizzes
Events
Quiz Creation
Community
Videos
Private Events
Remove Ads
Sign In
Join for FREE
Feedback
Dark Mode
Quiz Categories
Sports
Geography
Music
Movies
Television
Just For Fun
Miscellaneous
History
Literature
Language
Science
Gaming
Entertainment
Religion
Holiday
For Kids
Quiz Lab
Recent
Popular Today
Quiz Kudos Today
Editor Picks
Curator Picks
Quizzes by...
Day
Popularity
Type
Ratings
Length
Year
Community
Subscriptions
Recent Discussions
Orange Saloon
Badges
Playlists
Quests
Create
Leaderboards
Showdown
Live 5
Trivia Bingo
Activity
Puzzle Library
Sporcle Events
Private Events
Virtual Trivia
Globe League
Become a Host
Pub Owners
SporcleCon
Opinionation
Our Games
Videos
Blog
Mobile Apps
Partnerships
Remove Ads and Go Orange
Feedback
Sports
Athletes
MLB
NBA
NHL
NFL
Soccer
Sports Teams
WWE
NCAA
Football
Premier League
Basketball
Baseball
Hockey
Golf
Tennis
Cricket
Rugby
Auto Racing
Olympics
World Cup
Sports
Athletes
MLB
NBA
NHL
NFL
Soccer
Sports Teams
WWE
NCAA
Football
Premier League
Basketball
Baseball
Hockey
Golf
Tennis
Cricket
Rugby
Auto Racing
Olympics
World Cup
Random Quiz
Search Sporcle
×
Quiz Lab
Quiz Lab
Sports
State
Type in answers that appear in a list
Type in answers that appear in a list
Classic
Best Score? Go Orange.
Minnesota State Cross Country Meet 2011 Class AA Stats
Can you name the Minnesota State Cross Country Meet 2011?
By
syvjohansen
20m
157 Questions
19 Plays
19 Plays
19 Plays
Comments
Comments
Give Quiz Kudos
Give Quiz Kudos
-
- Ratings
hide this ad
Replay
Link that replays current quiz
Next Quiz
Link to next quiz in quiz playlist
You Got
0%
They Got
Avg Score
18%
Avg Friend Score
Upgrade to see
Score Distribution
Jump to the score distribution portion of the page
Score
0/157
Timer
20:00
0
Plays Today
Place
Runner
% Correct
1
Josh Thorson
68.4%
9
John Klecker
52.6%
54
Joe Klecker
52.6%
2
Riley Macon
47.4%
95
Kyle Anderson
47.4%
119
Ethan Anderson
47.4%
134
Thomas Anderson
47.4%
7
Wayde Hall
42.1%
8
Joey Duerr
42.1%
22
Ben Saxton
42.1%
6
Kevin Docherty
36.8%
11
Connor Olson
36.8%
29
Alec Olson
36.8%
49
Ezra Olson
36.8%
3
Troy Koivisto
31.6%
5
Cole O'Brien
31.6%
21
Nathan Rock
31.6%
28
Ali Ahmed
31.6%
33
Matt Lumbar
31.6%
41
Trevor Capra
31.6%
79
Luke Lumbar
31.6%
105
Ben Jack
31.6%
148
Joe Jackson
31.6%
10
Eric Colvin
26.3%
4
Glen Ellingson
26.3%
12
Will Burke
26.3%
36
Mitch Fisher
26.3%
38
Zach Roozen
26.3%
39
Zack Benning
26.3%
42
Andrew Hanson
26.3%
50
Calvin Lehn
26.3%
146
Candido Sanchez
26.3%
13
Tyler Broadwell
21.1%
14
Ahmed Bule
21.1%
15
Nick Oelke
21.1%
16
Phillip Lavallee
21.1%
17
Sidney Speir
21.1%
18
Abdullahi Salan
21.1%
19
Luke McKenzie
21.1%
20
Joel Reichow
21.1%
23
Steve Cotter
21.1%
24
Parker Wharram
21.1%
25
Brendan Sage
21.1%
26
Chris Meados
21.1%
27
Faysol Mamoud
21.1%
30
Mubarik Musa
21.1%
31
Tom Linner
21.1%
32
Cal Lawton
21.1%
34
Nate Rue
21.1%
35
Steven Schimmel
21.1%
37
Tayler Aarness
21.1%
40
Ricardo Reyes
21.1%
43
Grant Vankeulen
21.1%
Place
Runner
% Correct
44
Sam Carlson
21.1%
45
Kurt Hellmann
21.1%
47
Jake Campbell
21.1%
48
Jonathan Keller
21.1%
51
Will Sieling
21.1%
53
Cameron Peterson
21.1%
56
Zac Bartolomeo
21.1%
63
Jacob Young
21.1%
65
Zach Haus
21.1%
67
Jan Ketterson
21.1%
71
Matthew Berntson
21.1%
74
Chandler Dye
21.1%
75
Ryan Davis
21.1%
77
Henry Zurn
21.1%
80
Jensen Orlow
21.1%
87
Sean Bjork
21.1%
91
Ryan Stewart
21.1%
93
Josh Young
21.1%
103
Sam Elfstrom
21.1%
104
Ryan Graham
21.1%
106
Peter Knoll
21.1%
114
Lucas Trapp
21.1%
115
Matt Chu
21.1%
116
Paul Nordquist
21.1%
117
Mike Greenstein
21.1%
130
Kyle Hellmann
21.1%
131
Nadir Yusuf
21.1%
132
Jack Ebel
21.1%
52
Nick Couillard
15.8%
59
Cruz Barrera
15.8%
60
Preston Zimny
15.8%
61
Christian Leitner
15.8%
62
Max Wellens
15.8%
66
Matthew Lillehaugen
15.8%
76
Tyler Blumke
15.8%
85
Jared Bartz
15.8%
90
Mowlid Mohamed
15.8%
94
Jack Odzer
15.8%
109
Andre Hessini
15.8%
110
Spencer Mertes
15.8%
118
Sam Ivanecky
15.8%
122
Myles Nicolai
15.8%
137
Zachary Klein
15.8%
155
Chad Couser
15.8%
46
Ryan Erdman
10.5%
55
Wade Krueger
10.5%
57
Chris Lawson
10.5%
58
Kieran Kelly
10.5%
64
Hunter Bailey
10.5%
68
Matt Longen
10.5%
69
Andy Magnuson
10.5%
70
Reed Parent
10.5%
73
Spencer Versteeg
10.5%
Place
Runner
% Correct
86
Anders Evenson
10.5%
98
Ben Long
10.5%
108
Calvin Merhoff
10.5%
113
Austin Miller
10.5%
121
Alex Johannes
10.5%
126
Ben Kramka
10.5%
127
Shawn Wong
10.5%
136
Sam Warnes
10.5%
150
Sam Houching
10.5%
152
Jake Stevens
10.5%
153
Grant Magnuson
10.5%
154
Lucas Kivimaki
10.5%
156
John Reilling
10.5%
157
Alex Kelley
10.5%
72
Isiaiah Barlow
5.3%
78
Joshua Frei
5.3%
81
Jacob Warehime
5.3%
82
Andrew Bell
5.3%
83
Jacob Geraghty
5.3%
84
Sean Scott
5.3%
88
Thomas Seifert
5.3%
89
Clare Brandt
5.3%
92
Chad DeAustin
5.3%
96
Mark Holzerland
5.3%
97
Ryan Emanuelson
5.3%
99
Seth Huseby
5.3%
100
Paul Hale
5.3%
101
Brendan Gessner
5.3%
102
Ryan Pewowaruk
5.3%
107
Joe Louiselle
5.3%
111
Michael Hoff
5.3%
112
Michael Glaser
5.3%
120
Noah Pilgrim
5.3%
123
Ryan Bowler
5.3%
124
Tanner Bukowski
5.3%
125
Blaine Moran
5.3%
128
Sam Anez
5.3%
129
Trever Swichtenberg
5.3%
133
Garrett Shah
5.3%
135
Motuma Tilleskjor
5.3%
138
Matt Janes
5.3%
139
Ryan Swayer
5.3%
140
Grady Bell
5.3%
141
Kyle Bernier
5.3%
142
Cameron Economy
5.3%
143
Austin Miley
5.3%
144
Adam Luecke
5.3%
145
Jeremy Dahl
5.3%
147
Ryan McKeefry
5.3%
149
Cody Bernardy
5.3%
151
Wade DeAustin
5.3%
Quiz Playlist
Details
Report
Send in Message
Add To Playlist
Classic:
Type in answers that appear in a list
Last Updated: Feb 16, 2017
Quiz Scoreboard
CHALLENGE
Sign Up to Join the Scoreboard
Show All
Scores
Hide
Comments
May contain spoilers
Recently Published
Holiday 10x10 Sorting Gallery
by lukepisani3
Holiday
15m
Two Season TV Shows II
by 123Four
Television
10m
Image Sorting: Flags VI
by Barbecue
Geography
2m
More to Explore
Quiz From the Vault
Featured Blog Post
14 Easter Pick-up Lines to Find Eggs With
hide this ad
You Might Also Like...
Tags
Country Quiz
Nintendo Quiz
State Quiz
2011
class
cross
Cross-country
meet
minnesota
Minnesota State
place
Runner
school
Today's Top Quizzes in Sports
Browse Sports
hide this ad
Today's Top Quizzes in State
Browse State
Top Contributed Quizzes in Sports
1
Les meilleurs buteurs des matchs entre le PSG et l’OM
2
Les entraîneurs de l'OM et du PSG au 21e siècle
3
2022 World Cup Stars
4
Les joueurs passés par le PSG et l'OM
5
Players with Multiple 50 Home Run Seasons
6
FIFA Club World Cup Champions
7
Criteria MLB: Left Handed Sluggers
8
Les joueurs passés par le LOSC et le RC Lens
9
Top 10 NHL Goal Scorers of All Time
10
NBA Logic Puzzle 2.0
Explore More
Trending Topics
Anime
Marvel
NBA
Harry Potter
Crossword
Kpop
Disney
Song
Soccer
Pokémon
NFL
The Office
Puzzle
WWE
Country
hide this ad
More By:
syvjohansen
Quiz
Plays
Rating
Category
Featured
Created
Who Said It?: Muhammad Ali or Usain Bolt
2,629
4.57
Sports
Aug 28, 2012
Biology Cell Theory Quiz
2,095
3.67
Science
Oct 13, 2012
Biology Microscope Quiz
263
5.00
Science
Oct 13, 2012
NBA Championship Coaches by Year
200
5.00
Sports
May 11, 2016
Women's Cross Country Skiing ELO Top 10 (1982-Present)
179
5.00
Sports
Nov 10, 2022
Go to Creator's Profile
Score Distribution
Quiz Creator Spotlight
syvjohansen
Follow
Send a Message
Quizzes Created
-
Created Quiz Play Count
-
More By This Creator
Popular Quizzes Today
1
Find the US States - No Outlines Minefield
2
Colored Red Africa Blitz
3
Find the 'City' Movie
4
The Countries of the World
5
5x2 Blitz: Bands
6
Find the Countries of Europe - No Outlines Minefield
7
Find the US States
8
US States
More Sports Quizzes
Bullet Club Members by Merchandise/Logo (NJPW/ROH)
Quiz Lab
Trending Quizzes
Colored Red Europe Blitz I
Colored Red Africa Blitz II
Colored Red Europe Blitz II
Even More Two Season TV Shows
Colored Red Africa Blitz III
Recently Updated
Quick Pick: 20 Twenties
pecheneg
March Madness Men's Triple Doubles
pecheneg
How Do You Spell That?
pecheneg
Godzilla Movies
pecheneg
Grab Bag: 4-10 Letters
pecheneg
2024 March Madness Bracket
pecheneg
Famous TV Couples
Peacemaker
Champions League XIs: Real Madrid
pecheneg
Largest US Cities 1790-2010
pecheneg
Rides in Walt Disney World
pecheneg
Trending Topics
Anime
Kpop
Marvel
NBA
Disney
Harry Potter
Crossword
Pokémon
Puzzle
Song
Country
NFL
WWE
The Office
Soccer
Your Account Isn't Verified!
In order to create a playlist on Sporcle, you need to verify the email address you used during registration. Go to your
Sporcle Settings
to finish the process.
Report this User
Report this user for behavior that violates our
Community Guidelines
.
Details:
Send Report
Go to the Sporcle.com Mobile Site →
Comments